Para pensar mejor: desarrollo de la creatividad a través de los procesos matemáticos

Guardat en:
Dades bibliogràfiques
Autor principal: Guzmán Ozámiz, Miguel de (Autor)
Format: Llibre
Idioma:espanyol
Publicat: Madrid Pirámide 1999
Col·lecció:Ciencia Hoy
Matèries:
Etiquetes: Afegir etiqueta
Sense etiquetes, Sigues el primer a etiquetar aquest registre!

MARC

LEADER 00000nam a2200000 a 4500
001 UCH3896
003 CL-VaPUC
008 090818e19990000SP |||||||||||||||||spa|d
020 |a 843680810X 
082 0 4 |a 153.15  |b GUZ  |2 21 
100 |a Guzmán Ozámiz, Miguel de  |e author  |9 304150 
245 1 0 |a Para pensar mejor: desarrollo de la creatividad a través de los procesos matemáticos 
300 |a 350 p 
942 |c BK 
945 |d 20090818 00:00:00  |a ccalabra 
260 |a Madrid  |b Pirámide  |c 1999 
650 0 |a Psicología   |9 257863 
650 0 |a Aprendizaje   |9 254827 
650 0 |a Matemática  |9 260235 
650 0 |a Pensamiento  |9 307612 
650 7 |a ESTRATEGIAS  |2 CL-VaPUC  |9 342878 
650 0 |a Metodologías educativas   |9 311401 
583 |a last modification  |c 20090818 00:00:00  |k Rodrigo Vera 
490 0 |a Ciencia Hoy 
999 |c 335300  |d 335298